| 000 | 01546cam a2200373 a 4500 | ||
|---|---|---|---|
| 001 | EDZ0000063660 | ||
| 003 | StDuBDS | ||
| 005 | 20161031105104.0 | ||
| 006 | m||||||||d|||||||| | ||
| 007 | cr ||||||||||| | ||
| 008 | 120319s2005 caua fo| 001|0|eng d | ||
| 020 |
_a9781452233093 (ebook) : _cNo price |
||
| 040 |
_aStDuBDS _beng _cStDuBDS _epn |
||
| 049 | _aAlfaisal Main Library | ||
| 050 | 0 |
_aPN4784.T4 _bS35 2005 |
|
| 082 | 0 | 4 |
_a070.43 _223 |
| 100 | 1 |
_aSchultz, Brad, _d1961- |
|
| 245 | 1 | 0 |
_aBroadcast news producing _h[electronic resource] / _cBrad Schultz. |
| 260 |
_aThousand Oaks, Calif. ; _aLondon : _bSAGE, _cc2005. |
||
| 300 |
_a1 online resource (xii, 217 p.) : _bill. |
||
| 504 | _aIncludes bibliographical references and index. | ||
| 520 | 8 | _aBrad Schultz follows the process of news production from the creation of story ideas to presentation on air, in television radio & on the Internet. He also discusses issues facing producers, such as newsroom leadership, resource management & newsroom relationships. | |
| 521 | _aSpecialized. | ||
| 588 | _aDescription based on print version record. | ||
| 650 | 0 | _aTelevision broadcasting of news. | |
| 650 | 0 |
_aTelevision _xProduction and direction. |
|
| 650 | 0 | _aRadio journalism. | |
| 650 | 0 |
_aRadio _xProduction and direction. |
|
| 655 | 7 |
_aElectronic books. _2local |
|
| 710 | 2 | _aSage eBooks | |
| 776 | 0 | 8 |
_iPrint version : _z9781412906715 |
| 856 | 4 | 0 | _uhttp://ezproxy.alfaisal.edu/login?url=http://sk.sagepub.com/books/broadcast-news-producing |
| 942 |
_2lcc _cEBOOKS |
||
| 999 |
_c479111 _d479111 |
||